| 000 | 00555nam a2200181Ia 4500 | ||
|---|---|---|---|
| 008 | 151213s9999 xx 000 0 und d | ||
| 020 | _a978-81-317-2877-2 | ||
| 082 |
_a658.049 _b658.049 |
||
| 100 | _aJohn D.Danisel/ Lee H.Radebaugh/Danial S.Sullivan | ||
| 245 |
_aInternational Business _cJohn D.Danisel/ Lee H.Radebaugh/Danial S.Sullivan |
||
| 250 | _a12th | ||
| 260 |
_aNew Delhi _bPearson _c2010 |
||
| 300 | _a11046 p. | ||
| 650 | _aBusiness | ||
| 650 | _aBusiness | ||
| 700 | _aJohn D.Danisel/ Lee H.Radebaugh/Danial S.Sullivan | ||
| 999 |
_c4970 _d4970 |
||